000 00951nam a2200265 i 4500
001 23532
003 ES-MaACL
005 20250707074010.0
007 t|
008 021211s1986 sp ||||1| spa d
100 1 _aAmador y Carrandi, Florencio.
_921094
245 1 3 _aLa Universidad de Salamanca en la Guerra de la Independencia /
_cpor Florencio Amador y Carrandi.
250 _a[ed. facsímil].
260 _aSalamanca :
_bUniversidad,
_c1986.
300 _aX, 141 p. ;
_c22 cm.
490 1 _aActa Salmanticensia. Historia de la Universidad ;
_v44
490 1 _aInvestigaciones históricas
500 _aReprod. facs. de la ed. de : Salamanca : Imp. Calatrava, 1916.
655 7 _2tgfbne
_9226495
_aFacsímiles
830 0 0 _aActa Salmanticensia. Historia de la Universidad
_v44
_9178181
830 0 _aInvestigaciones históricas
_9226682
852 _aES-MaACL
_jL-11826
_bR.113010
942 _2udc
999 _c23532
_d23532